[Event "IMB Classic"]
[Site "Gausdal NOR"]
[Date "2004.09.28"]
[Round "8"]
[White "Leer Salvesen,B"]
[Black "Royset,P"]
[Result "1-0"]
[WhiteElo "2375"]
[BlackElo "2232"]

1.c4 e5 2.g3 g6 3.Bg2 Bg7 4.Nc3 Ne7 5.Nf3 Nbc6 6.O-O O-O 7.d3 a6 8.Rb1 Rb8
9.a4 h6 10.b4 a5 11.b5 Nb4 12.c5 d5 13.cxd6 cxd6 14.e4 Be6 15.Ba3 Rc8 16.Qd2 Qb6
17.Rfc1 f5 18.Bxb4 axb4 19.Rxb4 f4 20.Rbb1 g5 21.Ra1 Qa5 22.Nd5 Qd8 23.Nxe7+ Qxe7
24.Rxc8 Bxc8 25.a5 g4 26.Nh4 Qf7 27.a6 bxa6 28.bxa6 f3 29.a7 Bb7 30.Bf1 Ra8
31.Nf5 Bf8 32.Nxh6+ Bxh6 33.Qxh6 Qd7 34.h3  1-0

[Event "79th ch-ARG"]
[Site "Buenos Aires ARG"]
[Date "2004.09.30"]
[Round "8"]
[White "Altamirano,B"]
[Black "Cereijo,N"]
[Result "1-0"]
[WhiteElo "2288"]
[BlackElo "2121"]

1.c4 e5 2.g3 d6 3.Nc3 g6 4.Bg2 Bg7 5.d3 f5 6.e4 Nc6 7.Nge2 Nf6 8.O-O O-O
9.Nd5 Be6 10.Bg5 Bxd5 11.cxd5 Ne7 12.Qd2 c6 13.dxc6 bxc6 14.exf5 gxf5 15.d4 Ne4
16.Bxe4 fxe4 17.dxe5 Bxe5 18.Nd4 Bxd4 19.Qxd4 Nf5 20.Qc4+ d5 21.Bxd8 dxc4
22.Ba5 Nd4 23.Kg2 Rab8 24.Rab1 Rb5 25.Bc3 Nf3 26.Rbc1 Rd8 27.Rc2 Rbd5 28.Re2 Re8
29.Rc1 a5 30.a4 Kf7 31.Re3 Kg6 32.Rc2 Rd1 33.Rxe4 Rxe4 34.Kxf3 Re8 35.Bxa5 Ra8
36.Bc3 Rxa4 37.Re2 Rd6 38.Re4 Rd3+ 39.Kg2 Rd6 40.g4 Ra1 41.Rxc4 Rc1 42.Re4 Rc2
43.h3 h5 44.Re7 hxg4 45.hxg4 Kg5 46.Kg3 Rd3+ 47.f3 Rcxc3 48.bxc3 Rxc3 49.Re5+ Kf6
50.Re8 c5 51.Rf8+ Kg7 52.Rd8 c4 53.Rc8 Rc1 54.Kf4 c3 55.Kg5 c2 56.f4  1-0

[Event "IMB Classic"]
[Site "Gausdal NOR"]
[Date "2004.09.30"]
[Round "10"]
[White "Leer Salvesen,B"]
[Black "Berry,N"]
[Result "1-0"]
[WhiteElo "2375"]
[BlackElo "2228"]

1.c4 e5 2.g3 Nf6 3.Bg2 h6 4.Nc3 Bb4 5.Nd5 Nxd5 6.cxd5 O-O 7.Nf3 Re8 8.O-O c6
9.e4 cxd5 10.exd5 d6 11.d4 Bg4 12.Qb3 e4 13.Nd2 Bxd2 14.Bxd2 Nd7 15.Qxb7 Qf6
16.Rae1 Rab8 17.Qxa7 Ra8 18.Qb7 Reb8 19.Qc6 Rc8 20.Qb5 Rab8 21.Qa4 Rxb2 22.Be3 Nb6
23.Qa3 Nc4 24.Qa6 Qf5 25.Rc1 Qxd5 26.Rc3 Rb6 27.Qa4 Be2 28.Re1 Ra8 29.Qc2 Rb2
30.Qxe4 Qxe4 31.Bxe4 Re8 32.Bc6 Rc8 33.Rxe2 Rb1+ 34.Kg2 Rxc6 35.d5 Nxe3+
36.Rcxe3 Rc5 37.Rd2 g6 38.Re8+ Kg7 39.Rd8 Rb6  1-0

[Event "IMA Classic"]
[Site "Gausdal NOR"]
[Date "2004.10.01"]
[Round "11"]
[White "Saevareid,O"]
[Black "Bogner,S"]
[Result "1-0"]
[WhiteElo "2188"]
[BlackElo "2178"]

1.c4 e5 2.g3 Nf6 3.Bg2 d5 4.cxd5 Nxd5 5.Nf3 Nc6 6.O-O Be7 7.d4 exd4 8.Nxd4 Nxd4
9.Qxd4 Nf6 10.Qxd8+ Bxd8 11.Nc3 O-O 12.Bf4 c6 13.Rfd1 Re8 14.Bf3 Bf5 15.Rac1 Ba5
16.Bd6 Bg4 17.Bxg4 Nxg4 18.h3 Nf6 19.Kf1 h5 20.b4 Bb6 21.a4 a6 22.Rd3 Rad8
23.Rcd1 Ne4 24.Nxe4 Rxe4 25.Bc5 Rxd3 26.exd3 Bxc5 27.dxe4 Bxb4 28.Rd8+ Kh7
29.Rb8 b5 30.axb5 cxb5 31.Rb6 Bc3 32.Rxa6 b4 33.Rb6 f6 34.h4 g6 35.Ke2 Kg7
36.Rb7+ Kh6 37.f4 g5 38.fxg5+ fxg5 39.Rb6+ Kg7 40.hxg5 Kf7 41.Ke3 Be5 42.Kf3 Bc3
43.Kf4 Be1 44.Kf5 Bxg3 45.Rb7+ Kf8 46.Rxb4 h4 47.Kg4 Kf7 48.Rb6 Kg7 49.Rh6  1-0

[Event "Open"]
[Site "Winterthur SUI"]
[Date "2004.10.02"]
[Round "2"]
[White "Torricelli,A"]
[Black "Zambo,Z"]
[Result "1/2-1/2"]
[WhiteElo "2002"]
[BlackElo "2239"]

1.c4 e5 2.g3 Nf6 3.Bg2 c6 4.Nf3 e4 5.Ng5 d5 6.cxd5 cxd5 7.O-O h6 8.Nh3 Bf5
9.d3 Qd7 10.Nf4 g5 11.dxe4 dxe4 12.Qxd7+ Nbxd7 13.Nh3 Bc5 14.Nc3 O-O-O 15.b3 Kb8
16.Bb2 Rhg8 17.Rfd1 Be6 18.Rac1 a6 19.Kf1 Ba7 20.Ba3 Rc8 21.Na4 Nd5 22.Ng1 N5f6
23.e3 h5 24.h3 b5 25.Bd6+ Kb7 26.Nc3 Bf5 27.a4 bxa4 28.Nxa4 Rxc1 29.Rxc1 Rc8
30.Rxc8 Kxc8 31.Ne2 Be6 32.b4 Bd5 33.Nec3 Bc6 34.Ke1 Bb8 35.Bxb8 Kxb8 36.Kd2 Kc7
37.Bf1 Bxa4 38.Nxa4 Nd5 39.Bxa6 Nxb4 40.Bc4 Ne5 41.Be2 Nbd3 42.Bxd3 Nxd3
43.Ke2 f5 44.Nc3 Kd6 45.f4 gxf4 46.gxf4 Kc5 47.h4 Nb2 48.Kd2 Nc4+ 49.Ke2 Nb2
50.Kd2 Nc4+ 51.Ke2 Nb2  1/2-1/2

[Event "TCh-BEL2 2004-5"]
[Site "Belgium BEL"]
[Date "2004.10.10"]
[Round "1"]
[White "Degembe,P"]
[Black "Van Lishout,F"]
[Result "1/2-1/2"]
[WhiteElo "2085"]
[BlackElo "2035"]

1.c4 e5 2.g3 c6 3.b3 d5 4.e3 Nf6 5.Bb2 e4 6.Ne2 Bg4 7.Bg2 dxc4 8.O-O cxb3
9.axb3 Qd3 10.Nbc3 Bb4 11.Re1 Nbd7 12.h3 Bxe2 13.Qxe2 Nc5 14.Qd1 O-O 15.Bf1 Qd7
16.Na4 Nd3 17.Bxd3 exd3 18.Bxf6 gxf6 19.Qg4+ Qxg4 20.hxg4 Rfd8 21.Red1 Kf8
22.Rac1 b5 23.Nc5 Ke7 24.Na6  1/2-1/2

[Event "36th Olympiad"]
[Site "Calvia ESP"]
[Date "2004.10.24"]
[Round "9"]
[White "Cruz,F"]
[Black "Tyomkin,D"]
[Result "0-1"]
[WhiteElo "2367"]
[BlackElo "2505"]

1.c4 e5 2.g3 Nf6 3.Bg2 h6 4.d3 Bb4+ 5.Nd2 O-O 6.Nf3 Re8 7.O-O c6 8.a3 Bf8
9.e4 a5 10.Re1 Na6 11.Qc2 Nc5 12.b3 d6 13.Bb2 Qb6 14.d4 exd4 15.Bxd4 Ng4
16.Rab1 Qc7 17.b4 Ne6 18.Bc3 Ne5 19.h3 Nxf3+ 20.Nxf3 Ng5 21.Nxg5 hxg5 22.bxa5 Re6
23.Rb6 Rh6 24.Reb1 Bxh3 25.Bxh3 Rxh3 26.Rxb7 Qc8 27.Qe2 g4 28.c5 d5 29.Be5 Qe6
30.Bd6 Rh8 31.Kg2 dxe4 32.Rh1 Rxh1 33.Kxh1 Bxd6 34.cxd6 Qxd6 35.Qxe4 Qxa3
36.Qf5 Qf3+ 37.Qxf3 gxf3 38.Rb6 Rxa5 39.Rxc6 Ra1+ 40.Kh2 Rf1 41.g4 Rxf2+
42.Kg3 Rf1 43.Rc3 Kh7 44.Rxf3 Rxf3+ 45.Kxf3 Kg6 46.Kf4 f6  0-1

[Event "Top 16"]
[Site "Bastia FRA"]
[Date "2004.10.31"]
[Round "1.1"]
[White "Ivanisevic,I"]
[Black "Bauer,Ch"]
[Result "1-0"]
[WhiteElo "2533"]
[BlackElo "2622"]

1.g3 e5 2.c4 Nf6 3.Bg2 Nc6 4.Nf3 Bc5 5.O-O d6 6.e3 O-O 7.d4 Bb6 8.h3 exd4
9.exd4 Bf5 10.Nc3 h6 11.Be3 Re8 12.a3 a6 13.b4 Ne4 14.Nd5 Ba7 15.Rc1 Ne7
16.Nf4 Ng6 17.Re1 Nxf4 18.Bxf4 Qf6 19.c5 Re7 20.Nd2 Rae8 21.Nxe4 Bxe4 22.Be5 dxe5
23.Rxe4 exd4 24.Rf4 Qg6 25.Qxd4 c6 26.Rg4 Qh7 27.Bf1 h5 28.Rg5 Bb8 29.Bd3 Qh6
30.h4 Be5 31.Qc4 Bf6 32.Rf5 Qxc1+ 33.Qxc1 Re1+ 34.Qxe1 Rxe1+ 35.Kg2 Ra1 36.Rf3 Kf8
37.Bf5 a5 38.bxa5 Bd4 39.Bc8 Bxc5 40.Bxb7 Rxa3 41.Rxa3 Bxa3 42.a6 Bc5 43.Bxc6 Ke7
44.f4 Kd6 45.Ba4 g6 46.Kf3 Ba7 47.Bb3 Ke7 48.Ke4 f5+ 49.Kd5 Kd7 50.Ke5 Bf2
51.Kf6 Kc7 52.Kxg6 Bxg3 53.Kg5 Kb6 54.Bc4 Ka7 55.Be2 Kb6 56.Bxh5 Kxa6 57.Bg6 Kb6
58.h5 Kc7 59.h6 Bf2 60.Bxf5 Kd6 61.Kg6 Ke7 62.Bc2 Kf8 63.f5 Bd4 64.Bb3 Bc3  1-0

[Event "3rd Masters"]
[Site "Rosny sous bois FRA"]
[Date "2004.10.31"]
[Round "9"]
[White "Bogdanov,E"]
[Black "Kozakov,M"]
[Result "1/2-1/2"]
[WhiteElo "2234"]
[BlackElo "2477"]

1.c4 e5 2.g3 Nf6 3.Bg2 Nc6 4.Nc3 Bc5 5.a3 a5 6.e3 d6 7.Nge2 Ba7 8.O-O O-O
9.d3 Ne7 10.d4 Ng6 11.b4 c6 12.d5 Bd7 13.Rb1 axb4 14.axb4 Ne8 15.dxc6 Bxc6
16.b5 Bxg2 17.Kxg2 Ne7 18.Nd5 Bc5 19.Nec3 Nxd5 20.Nxd5 Nf6 21.Nxf6+ Qxf6  1/2-1/2

[Event "WYb18"]
[Site "Heraklio GRE"]
[Date "2004.11.12"]
[Round "10"]
[White "Fossum,Oy"]
[Black "Friedel,J"]
[Result "0-1"]
[WhiteElo "2192"]
[BlackElo "2436"]

1.c4 e5 2.g3 Nf6 3.Bg2 c6 4.d4 exd4 5.Qxd4 d5 6.cxd5 cxd5 7.Nf3 Nc6 8.Qa4 Bc5
9.O-O O-O 10.Bg5 h6 11.Bxf6 Qxf6 12.Nc3 Be6 13.Rfd1 Rfd8 14.Qb5 Qe7 15.Na4 Bd6
16.Nd4 Rac8 17.Nxe6 fxe6 18.Rac1 a6 19.Qb6 Bb8 20.Qb3 Na5 21.Qd3 b5 22.Nc3 Nc4
23.Qb1 Ba7 24.b3 Bxf2+ 25.Kh1 Ne3 26.Rd3 Qc7 27.a3 d4 28.Na2 Qe5 29.Bf3 Qf5
30.Rd2 Rxc1+ 31.Qxc1 Qh3  0-1

[Event "Tch-FIN 2004-5"]
[Site "Finland FIN"]
[Date "2004.11.13"]
[Round "4"]
[White "Lehtinen,H"]
[Black "Yrjola,J"]
[Result "1-0"]
[WhiteElo "2404"]
[BlackElo "2423"]

1.c4 e5 2.g3 Nc6 3.Bg2 f5 4.Nc3 Nf6 5.d3 Bb4 6.Bd2 O-O 7.Nf3 d6 8.O-O Bxc3
9.Bxc3 Qe8 10.e3 Bd7 11.b4 Kh8 12.Re1 e4 13.Nd2 exd3 14.b5 Nd8 15.Nb3 c6
16.Qxd3 cxb5 17.cxb5 Ne4 18.Nd4 Ne6 19.Nxe6 Qxe6 20.Bb2 a6 21.a4 Nc5 22.Qd4 Qg6
23.Ba3 Nb3 24.Qxd6 Nxa1 25.Qxg6 hxg6 26.Bxf8 Rxf8 27.Rxa1 axb5 28.axb5 Bxb5
29.Bxb7 Rb8 30.Bf3 Bd3 31.g4 Kh7 32.g5 Rf8 33.Ra4 Rb8 34.Rh4+ Kg8 35.Bd5+  1-0

[Event "Tch-FIN 2004-5"]
[Site "Finland FIN"]
[Date "2004.11.14"]
[Round "5"]
[White "Hentunen,A"]
[Black "Kytoniemi,J"]
[Result "1/2-1/2"]
[WhiteElo "2354"]
[BlackElo "2295"]

1.c4 e5 2.g3 Nf6 3.Bg2 c6 4.a3 d5 5.cxd5 cxd5 6.d4 e4 7.Nc3 Be7 8.Bg5 Nc6
9.e3 O-O 10.Bxf6 Bxf6 11.f3 Bg5 12.f4 Bh6 13.Nge2 Na5 14.b3 f5 15.O-O b6
16.Rf2 Ba6 17.Nc1 Rc8 18.N1a2 Qd7 19.Rc1 Nc6 20.Bf1 Bxf1 21.Kxf1 g6 22.b4 Ne7
23.b5 Rc4 24.Qb3 Rfc8 25.Rfc2 Kh8 26.Nb4 g5 27.Ke1 gxf4 28.gxf4 Rg8 29.Ncxd5 Nxd5
30.Rxc4 Qg7 31.Nxd5 Qg1+ 32.Kd2 Rg2+ 33.Kc3 Qxc1+ 34.Kb4 Qe1+ 35.Rc3 Bf8+
36.Ka4 Rg6 37.Qc4 Qd1+ 38.Rb3 Kg7 39.Qc7+ Kh6 40.Qc8 Bd6 41.Qxf5 Qd2 42.Qh3+ Kg7
43.Nc3 Qd3 44.Qd7+ Kh6 45.Qf7 a6 46.Qd5 Be7 47.Nxe4 axb5+ 48.Qxb5 Qxe4  1/2-1/2

[Event "Tch-FIN 2004-5"]
[Site "Finland FIN"]
[Date "2004.11.14"]
[Round "5"]
[White "Kiik,K"]
[Black "Puranen,J"]
[Result "1-0"]
[WhiteElo "2436"]
[BlackElo "2291"]

1.c4 e5 2.g3 Nc6 3.Bg2 g6 4.Nc3 Bg7 5.Rb1 a5 6.d3 d6 7.a3 Nge7 8.e3 O-O 9.Nge2 Be6
10.Nd5 f5 11.O-O g5 12.b4 axb4 13.axb4 Ng6 14.b5 Nce7 15.Nxe7+ Nxe7 16.Bxb7 Rb8
17.Bg2 f4 18.exf4 gxf4 19.gxf4 Nf5 20.fxe5 dxe5 21.Ng3 Nh4 22.Be4 Bh3 23.Qh5 h6
24.Bxh6  1-0

[Event "Tch-FIN 2004-5"]
[Site "Finland FIN"]
[Date "2004.11.14"]
[Round "5"]
[White "Norri,J"]
[Black "Rytshagov,M"]
[Result "1/2-1/2"]
[WhiteElo "2421"]
[BlackElo "2461"]

1.c4 e5 2.g3 c6 3.Nf3 e4 4.Nd4 d5 5.cxd5 Qxd5 6.Nb3 Nf6 7.Nc3 Qh5 8.h3 a5
9.d3 Bb4 10.dxe4 Nxe4 11.Qd4 Qg6 12.a3 Bxc3+ 13.bxc3 O-O 14.Bg2 Re8 15.O-O Nd7
16.Be3 Ndf6 17.Nc5 Nxc5 18.Qxc5 Nd5 19.Bd2 Qc2 20.Qd4 Rxe2 21.Rfe1 Rxe1+
22.Rxe1 Be6 23.Be4 Qb2 24.Rb1 Qxa3 25.Rxb7 Qf8 26.c4 Nf6 27.Bxc6 Rd8 28.Qb6 Bxc4
29.Bxa5 Rc8 30.Bb4 Nd5 31.Bxf8 Nxb6 32.Rxb6  1/2-1/2

[Event "Acropolis WGM Open"]
[Site "Athens GRE"]
[Date "2004.11.16"]
[Round "1"]
[White "Foisor,C"]
[Black "Sorokina,A"]
[Result "1/2-1/2"]
[WhiteElo "2436"]
[BlackElo "2199"]

1.c4 e5 2.g3 Nf6 3.Bg2 d5 4.cxd5 Nxd5 5.Nf3 Nc6 6.O-O Nb6 7.Nc3 Be7 8.a3 a5
9.d3 O-O 10.Be3 f5 11.Rc1 Be6 12.Nd2 f4 13.Bxb6 cxb6 14.Nc4 Bc5 15.Ne4 Bd4
16.Ncd6 Qd7 17.Qd2 a4 18.Nb5 Bh3 19.Qc2 h6 20.b4 axb3 21.Qxb3+ Be6 22.Qb1 Bh3
23.Rc2 Bxg2 24.Kxg2 f3+ 25.exf3 Qf7 26.Qa2 Kh7 27.Qxf7 Rxf7 28.Ned6 Rf6 29.Nxb7 Raf8
30.N7d6 Bc5 31.Ne4 Rxf3 32.Nxc5 bxc5 33.Rxc5 Nd4 34.Rxe5 Nxb5 35.Rxb5 Rxd3
36.Ra5 Rd2 37.Ra7 Ra2 38.g4 Rb8 39.Rf7 Rxa3 40.Rc1 Rb6 41.f3 h5 42.h3 h4
43.Rc2 Rb1 44.Rf5 g6 45.Rf7+ Kg8 46.Rd7 Ra8 47.Rdc7 Re8 48.Rc8 Rxc8 49.Rxc8+ Kg7
50.f4 Rb2+ 51.Kf3 Rb3+ 52.Ke4 Rxh3 53.Rc7+ Kh6 54.f5 gxf5+ 55.gxf5 Kg5 56.Rc6 Rh1
57.Rg6+ Kh5 58.Rg8 h3 59.Kf4 Rf1+ 60.Ke5 h2 61.Rh8+ Kg5  1/2-1/2

[Event "Acropolis WGM Open"]
[Site "Athens GRE"]
[Date "2004.11.20"]
[Round "5"]
[White "Smokina,K"]
[Black "Stoumbou,E"]
[Result "1-0"]
[WhiteElo "2267"]
[BlackElo "1854"]

1.c4 e5 2.g3 Nf6 3.Bg2 d5 4.cxd5 Nxd5 5.Nf3 Nc6 6.O-O Be6 7.d3 f6 8.Nbd2 Nb6
9.b3 Bb4 10.Bb2 O-O 11.Rc1 Qd7 12.Ne4 a5 13.Nc5 Bxc5 14.Rxc5 a4 15.Nd2 Bd5
16.Bxd5+ Nxd5 17.bxa4 Nb6 18.Qb3+ Qf7 19.Rb5 Rfb8 20.f4 Nxa4 21.fxe5 Qxb3
22.Rxb3 Nxb2 23.Rxb2 Nxe5 24.Rc1 c6 25.Ne4 Rd8 26.Rcc2 b5 27.h3 f5 28.Nc5 Rd6
29.Kf2 Rf8 30.Rb4 g5 31.a4 bxa4 32.Rxa4 Ng6 33.Kg2 h6 34.Ra7 Rf7 35.Nb7 Rdd7
36.Ra8+ Rf8 37.Rxf8+ Nxf8 38.Na5 Kg7 39.Rxc6 Re7 40.Kf2 Ne6 41.Nb3 f4 42.g4 Nd8
43.Rc8 Nf7 44.Nd4 Nd6 45.Rc6 Rd7 46.Rxd6  1-0

[Event "ch-ROM w KO"]
[Site "Brasov ROM"]
[Date "2004.11.20"]
[Round "1.1"]
[White "Marin,Ir"]
[Black "Olarasu,G"]
[Result "1/2-1/2"]
[WhiteElo "2185"]
[BlackElo "2325"]

1.c4 e5 2.g3 Nc6 3.Bg2 Bc5 4.Nc3 a6 5.a3 d6 6.e3 Nf6 7.Nge2 Ba7 8.h3 O-O
9.O-O h6 10.b4 Ne7 11.Bb2 Be6 12.d3 Qd7 13.Kh2 c6 14.e4 Nh7 15.f4 f5 16.Qd2 Rad8
17.Rad1 Nf6 18.c5 exf4 19.cxd6 fxg3+ 20.Nxg3 Qxd6 21.e5 Qxe5 22.Nd5 Qd6 23.Nxf6+ gxf6
24.Qxh6 Bb8 25.Rf3 Bd5 26.Re3 f4 27.Bxd5+ cxd5 28.Nf5 Nxf5 29.Rg1+ Ng3 30.Be5 Qxe5
31.Rxe5 fxe5 32.Qg6+ Kh8 33.Qh6+ Kg8 34.Qg6+  1/2-1/2

[Event "Acropolis WGM Open"]
[Site "Athens GRE"]
[Date "2004.11.22"]
[Round "7"]
[White "Smokina,K"]
[Black "Makropoulou,M"]
[Result "1-0"]
[WhiteElo "2267"]
[BlackElo "2270"]

1.c4 e5 2.g3 Nc6 3.Bg2 g6 4.Nc3 Bg7 5.Rb1 a5 6.d3 d6 7.e4 Nge7 8.Nge2 O-O
9.O-O Kh8 10.Be3 Nd4 11.Bxd4 exd4 12.Nb5 c5 13.h3 a4 14.Kh2 Ra6 15.f4 f5
16.Qd2 Bd7 17.Na3 Qa8 18.Ng1 Bc6 19.Rbe1 Qd8 20.Nf3 h6 21.Nh4 Bf6 22.Nf3 Bg7
23.Re2 Ra8 24.Kg1 Qd7 25.Nc2 Rae8 26.Nce1 b5 27.b3 axb3 28.axb3 b4 29.e5 d5
30.Nh4 Qe6 31.Qc2 Rc8 32.Qc1 Kh7 33.Ra2 dxc4 34.dxc4 Ra8 35.Rxa8 Rxa8 36.Nd3 Bxg2
37.Nxg2 Qc6 38.Qb2 Bf8 39.Ra1 Ng8 40.Rxa8 Qxa8 41.Nge1 Be7 42.Nc1 Kg7 43.Ned3 Kf7
44.Qg2 Qxg2+ 45.Kxg2 Ke6 46.Kf3 Kd7 47.Ne2 Kc6 48.g4 Bh4 49.gxf5 gxf5 50.Nxb4+ cxb4
51.Nxd4+ Kd7 52.Nxf5 Be1 53.Ke4 Bd2 54.Ng7 Ne7 55.f5 Nc6 56.f6 Bc3 57.e6+ Kd6
58.e7 Nxe7 59.fxe7 Kxe7 60.Nf5+  1-0

[Event "It"]
[Site "Piestany SVK"]
[Date "2004.11.22"]
[Round "7"]
[White "Smolen,J"]
[Black "Pribyl,Jo"]
[Result "1/2-1/2"]
[WhiteElo "2334"]
[BlackElo "2400"]

1.c4 e5 2.g3 Nc6 3.Bg2 g6 4.Nc3 Bg7 5.e3 d6 6.Nge2 h5 7.d3 h4 8.a3 Nf6 9.Nd5 Nxd5
10.cxd5 Ne7 11.Qb3 c5 12.dxc6 bxc6 13.Bd2 Be6 14.Qc2 Rc8 15.d4 Qb6 16.dxe5 dxe5
17.O-O Bb3 18.Qc3 f5 19.e4 hxg3 20.hxg3 Qb5 21.Rfe1 fxe4 22.a4  1/2-1/2

[Event "17th Belgrade Trophy"]
[Site "Obrenovac SCG"]
[Date "2004.11.23"]
[Round "2"]
[White "Radosavljevic,S"]
[Black "Raetsky,A"]
[Result "0-1"]
[WhiteElo "2231"]
[BlackElo "2430"]

1.g3 e5 2.c4 c6 3.Bg2 d5 4.cxd5 cxd5 5.d4 e4 6.Nc3 Nc6 7.Nh3 h6 8.f3 exf3
9.exf3 Nf6 10.O-O Be7 11.Be3 O-O 12.Nf2 Re8 13.Qd2 Na5 14.b3 Bb4 15.Rfe1 Bf5
16.Nd3 Bf8 17.Bf1 Rc8 18.Rac1 Ba3 19.Rcd1 Bg6 20.Nb1 Bf8 21.Bf2 Rxe1 22.Rxe1 Qb6
23.Qf4 Bh7 24.Rc1 Re8 25.Ne5 Bd6 26.Nc3 Bb4 27.Na4 Qd8  0-1

[Event "TCh-SLO"]
[Site "Celje SLO"]
[Date "2004.11.30"]
[Round "3"]
[White "Mikac,M"]
[Black "Zupe,M"]
[Result "1/2-1/2"]
[WhiteElo "2358"]
[BlackElo "2394"]

1.c4 e5 2.g3 Nf6 3.Bg2 Nc6 4.Nf3 d5 5.cxd5 Nxd5 6.O-O Nb6 7.Nc3 Be7 8.a3 Be6
9.d3 O-O 10.Be3 f6 11.Rc1 Qd7 12.Ne4 Nd5  1/2-1/2

[Event "TCh-BEL 2004-5"]
[Site "Belgium BEL"]
[Date "2004.12.05"]
[Round "5"]
[White "Deleyn,G"]
[Black "Boeykens,M"]
[Result "1/2-1/2"]
[WhiteElo "2285"]
[BlackElo "2206"]

1.c4 e5 2.g3 Nc6 3.Bg2 Bc5 4.Nc3 d6 5.Na4 Nge7 6.Nxc5 dxc5 7.d3 O-O 8.Nf3 f6
9.O-O Qe8 10.Nd2 Qh5 11.Ne4 b6 12.Nc3 Bh3 13.e3 Qxd1 14.Rxd1 Bxg2 15.Kxg2 Rfd8
16.Kf3 Rd7 17.Ke2 Rad8 18.a3 a5 19.b3 Kf7 20.Ra2 h5 21.h4 Ke6 22.Rad2 Ra8
23.Rb2 Rad8 24.Rbd2 Ra8 25.Na2 Nf5 26.Bb2 Rg8 27.Rh1 Rgd8 28.Bc3 Ra8 29.Rb1 Kf7
30.Rdd1 Rdd8 31.Be1 Rh8 32.Nc3 g5 33.hxg5 fxg5 34.Ne4 g4 35.Bc3 h4 36.gxh4 Rxh4
37.Rh1 Rah8 38.Rxh4 Rxh4 39.Rg1 Ke6 40.Be1 Nd6 41.f3 Rh2+ 42.Nf2 gxf3+ 43.Kxf3 Ne7
44.Rg2 Rxg2 45.Kxg2 Kf5 46.Kf3 Ng6 47.Nh1 Nf8 48.Bh4 e4+ 49.Ke2 Nd7 50.dxe4+ Kxe4
51.Ng3+ Ke5 52.Bd8 a4 53.Bxc7 axb3 54.Kd3 Ke6 55.Bxd6 Kxd6 56.Kc3 Ne5 57.Kxb3 Kc6
58.Nf5 Nf3 59.a4 Kb7 60.Ne7 Ka6 61.Nd5 Ne5 62.Nc3 Ka5 63.Nd5 Ka6 64.Nf4 Ka5  1/2-1/2

[Event "Extraliga CZE 2004-5"]
[Site "Czech Rep CZE"]
[Date "2004.12.05"]
[Round "4"]
[White "Navara,D"]
[Black "Timoscenko,G"]
[Result "1-0"]
[WhiteElo "2620"]
[BlackElo "2504"]

1.c4 e5 2.g3 Nf6 3.Bg2 d5 4.cxd5 Nxd5 5.Nc3 Nb6 6.Nf3 Nc6 7.O-O Be7 8.a3 O-O
9.b4 Be6 10.d3 a5 11.b5 Nd4 12.Nd2 c6 13.bxc6 Nxc6 14.Rb1 a4 15.Bxc6 bxc6
16.Qc2 Qc7 17.Bb2 Rfc8 18.Nce4 c5 19.Bxe5 Qxe5 20.Rxb6 c4 21.dxc4 Bxa3 22.Rfb1 Bf5
23.R6b5 Bc5 24.Qb2 Qxb2 25.R1xb2 Bxe4 26.Nxe4 Bd4 27.Rc2 a3 28.Ra2 Bb2 29.Nc5 g6
30.Nd3 Bd4 31.c5 Rc7 32.e3 Bg7 33.Rb3 Bf8 34.Rbxa3 Rxa3 35.Rxa3 Bxc5 36.Ra5 Be7
37.g4 h6 38.Kg2 Rc2 39.Ne5 Re2 40.Nf3 Bf6 41.Rc5 Kg7 42.h4 Ra2 43.h5 Ra4
44.Kg3 Be7 45.Rd5 gxh5 46.Rxh5 Bd6+ 47.Kh3 Ra2 48.Nd4 Kg6 49.Rd5 Bb4 50.f4 Bf8
51.Nf5 Ra3 52.Kg2 Ra2+ 53.Kf3 Ra8 54.Rb5 Rc8 55.Rb6+ Kh7 56.Rb7 Kg6 57.Kg3 Re8
58.Rb6+ Kh7 59.Rf6 Kg8 60.Kf3 Re6 61.Rxe6 fxe6 62.Ng3 Kf7 63.e4 e5 64.f5 Kf6
65.Nf1 Kg5 66.Ne3 h5 67.gxh5 Kxh5 68.Nc4 Bg7 69.Nb6 Bf8 70.Nd7 Bd6 71.Ke3 Kg5
72.Kd3  1-0

[Event "FSGM December"]
[Site "Budapest HUN"]
[Date "2004.12.12"]
[Round "9"]
[White "Karatorossian,D"]
[Black "Starostits,I"]
[Result "0-1"]
[WhiteElo "2384"]
[BlackElo "2460"]

1.c4 e5 2.g3 Nc6 3.Bg2 g6 4.e3 Bg7 5.Ne2 d6 6.Nbc3 Be6 7.d4 exd4 8.Nxd4 Bd7
9.O-O Nge7 10.b3 O-O 11.Bb2 Nxd4 12.exd4 Rb8 13.Qd2 a6 14.Rfe1 Nc6 15.d5 Ne5
16.f4 Ng4 17.h3 Nf6 18.g4 Re8 19.g5 Nh5 20.Ne4 Bxb2 21.Qxb2 Bf5 22.Nf6+ Nxf6
23.gxf6 Qd7 24.Qc3 h6 25.Kf2 Rxe1 26.Rxe1 Re8 27.Re3 Qd8 28.Rxe8+ Qxe8 29.h4 Kh7
30.a3 c5 31.dxc6 bxc6 32.Qe3 Qd8 33.Qd4 d5 34.b4 Be6 35.c5 a5 36.Bf3 axb4
37.axb4 Qa8 38.Be2 Qa2 39.Ke3 Qb1 40.Kd2 h5 41.Bd3 Qa2+ 42.Kc1 Qg2 43.b5 cxb5
44.c6 Qh1+ 45.Kb2 Qxh4 46.c7 Qg4 47.Qe5 h4 48.f5 gxf5 49.Qd6 h3 50.Qd8 Qd4+
51.Kc2 Qe5 52.Kd2 h2 53.Qe7 Qb2+ 54.Ke3 h1=Q  0-1

[Event "Open"]
[Site "Zadar CRO"]
[Date "2004.12.13"]
[Round "1"]
[White "Cvitan,O"]
[Black "Martinovic,Sa"]
[Result "1-0"]
[WhiteElo "2532"]
[BlackElo "2138"]

1.c4 e5 2.g3 Nc6 3.Bg2 d6 4.Nc3 g6 5.d3 Bg7 6.Rb1 a5 7.Nf3 f5 8.O-O Nf6 9.a3 O-O
10.b4 axb4 11.axb4 h6 12.b5 Ne7 13.Nd2 g5 14.Qb3 c6 15.Bb2 Be6 16.Ra1 Rb8
17.Rfb1 Qc7 18.Qa4 h5 19.Qa5 b6 20.Qa7 Qxa7 21.Rxa7 Nc8 22.Rc7 c5 23.Ra1 Rf7
24.Rxf7 Kxf7 25.Nf3 Bh6 26.h4 g4 27.Ng5+ Bxg5 28.hxg5 Nh7 29.Nd5 Nxg5 30.Nc7 Ne7
31.Ra7 Nc8 32.Nxe6+ Nxa7 33.Nxg5+ Kf6 34.f4 gxf3 35.Nxf3 Rg8 36.Kf2 Nc8 37.Nd2 Ne7
38.Nf1 h4 39.gxh4 Rh8 40.Ne3 Rxh4 41.Bc3 f4 42.Nd5+ Nxd5 43.Bxd5 Rh7 44.Be4 Rg7
45.Be1 Kg5 46.Kf3 Ra7 47.Kg2 Kg4 48.Bf2 Ra2 49.Bf3+ Kg5 50.Kh3 e4 51.Bh4+ Kh6
52.Bxe4 Rxe2 53.Kg4 Kg7 54.Kf3 Rh2 55.Bd8  1-0

[Event "Open"]
[Site "Zadar CRO"]
[Date "2004.12.14"]
[Round "2"]
[White "Mandekic,I"]
[Black "Rogic,D"]
[Result "0-1"]
[WhiteElo "2246"]
[BlackElo "2482"]

1.c4 e5 2.g3 Nf6 3.Bg2 d5 4.cxd5 Nxd5 5.Nc3 Ne7 6.Nf3 Nbc6 7.b4 a6 8.Bb2 g6
9.h4 h6 10.a4 Bg7 11.b5 Nd4 12.Nxd4 exd4 13.Ne4 O-O 14.Nc5 Ra7 15.bxa6 b6
16.Nb7 Qd7 17.a5 Rxa6 18.axb6 Bxb7  0-1

[Event "Open"]
[Site "Zadar CRO"]
[Date "2004.12.14"]
[Round "2"]
[White "Juric,S"]
[Black "Franic,M"]
[Result "0-1"]
[WhiteElo "2197"]
[BlackElo "2414"]

1.g3 e5 2.c4 Nf6 3.Bg2 Nc6 4.Nf3 Bc5 5.O-O d6 6.Nc3 O-O 7.d3 h6 8.a3 a5 9.Nd5 Bg4
10.h3 Bd7 11.e4 Nd4 12.Be3 Nxf3+ 13.Qxf3 Nxd5 14.cxd5 c6 15.Bxc5 dxc5 16.Rac1 b6
17.Kh2 cxd5 18.exd5 Bb5 19.Rc3 Qd6 20.Rb1 f5 21.Qe3 Ra7 22.Qd2 Raf7 23.b4 cxb4
24.axb4 a4 25.f4 Re7 26.fxe5 Qxe5 27.Rbc1 f4 28.gxf4 Rxf4 29.Kh1 Rd4 30.Rc8+ Kh7
31.Qf2 Rxd3 32.Qf8 Re8 33.Rxe8 Bxe8 34.Qf2 Bg6 35.Re1 Qd6 36.b5 a3 37.Kg1 Rb3
38.Re6 Rb1+ 39.Bf1 Qxd5 40.Rxg6 Kxg6  0-1

[Event "Open"]
[Site "Zadar CRO"]
[Date "2004.12.15"]
[Round "4"]
[White "Juric,S"]
[Black "Kristovic,M"]
[Result "0-1"]
[WhiteElo "2197"]
[BlackElo "2351"]

1.c4 e5 2.g3 Nc6 3.Bg2 h5 4.Nc3 h4 5.Nf3 hxg3 6.hxg3 Rxh1+ 7.Bxh1 d6 8.d4 exd4
9.Nxd4 Nge7 10.Bg5 f6 11.Nxc6 bxc6 12.Bf4 Be6 13.Qd3 Rb8 14.O-O-O Qc8 15.b3 Qa6
16.Kc2 c5 17.Bc1 Nc6 18.Bxc6+ Qxc6 19.Nd5 Bxd5 20.Qxd5 Qxd5 21.Rxd5 g6 22.Rd1 Kf7
23.Rh1 Bg7 24.Bb2 Re8 25.Kd3 c6 26.e4 Kg8 27.g4 f5 28.Bxg7 fxe4+ 29.Ke3 Kxg7
30.Rd1 Re6 31.f3 exf3+ 32.Kxf3 g5 33.Rd2 a5 34.Rd1 Kf7 35.Rd2 Ke7 36.Rd1 Re5
37.Rc1 Kd7 38.a4 Kc7 39.Rc2 Kb6 40.Rh2 d5 41.Rh7 d4 42.Rg7 Re3+ 43.Kf2 Rxb3
44.Rxg5 Rb4 45.Rg7 Rxc4 46.g5 d3 47.Rd7 Rg4 48.Rxd3 c4 49.Rd6 Rxg5 50.Ke2 Rd5  0-1

[Event "Open"]
[Site "Zadar CRO"]
[Date "2004.12.17"]
[Round "7"]
[White "Skrbin,K"]
[Black "Martic,Z"]
[Result "1/2-1/2"]
[WhiteElo "2182"]
[BlackElo "2297"]

1.c4 e5 2.g3 Nf6 3.Bg2 g6 4.Nc3 Bg7 5.e4 O-O 6.Nge2 d6 7.O-O Be6 8.d3 Qd7
9.Be3 h6 10.Nd5 Ng4 11.Bd2 c6 12.Ne3 Nxe3 13.Bxe3 d5 14.cxd5 cxd5 15.d4  1/2-1/2

[Event "XVII Torre Mem"]
[Site "Yucatan MEX"]
[Date "2004.12.18"]
[Round "7"]
[White "Gonzalez Zamora,J"]
[Black "Estrada Nieto,J"]
[Result "1-0"]
[WhiteElo "2524"]
[BlackElo "2361"]

1.c4 e5 2.g3 c6 3.d4 Bb4+ 4.Bd2 Bxd2+ 5.Qxd2 d6 6.Nc3 Nf6 7.Bg2 O-O 8.e4 Qe7
9.Nge2 Nbd7 10.O-O a6 11.f4 b5 12.c5 exd4 13.cxd6 Qxd6 14.e5 Qc5 15.Nxd4 Ng4
16.h3 Nh6 17.Kh2 Bb7 18.Ne4 Qb6 19.Nd6 Rab8 20.Nxb7 Rxb7 21.Nxc6 Nb8 22.Nb4 Rd7
23.Nd5 Qe6 24.Rac1 Rfd8 25.Rfd1 Kh8 26.Qc2 Ng8 27.Nc3 Ne7 28.Ne4 Rxd1 29.Rxd1 Rc8
30.Qd3 h6 31.a3 Qa2 32.Rd2 Nbc6 33.b4 Qa1 34.Nd6 Rf8 35.Rc2 Qb1 36.Qe4 f5
37.Qd3 Nd8 38.Rc3 Qe1 39.Rc7 Ng6 40.Rc8 Qf2 41.Rxd8 Rxd8 42.Nf7+ Kh7 43.Nxd8  1-0